Normal view
MARC view
- COMPUTERS / Bioinformatics.
Entry Topical Term
001 - CONTROL NUMBER
- control field: 2857
003 - CONTROL NUMBER IDENTIFIER
- control field: NUST
005 - DATE AND TIME OF LATEST TRANSACTION
- control field: 20170619104313.0
008 - FIXED-LENGTH DATA ELEMENTS
- fixed length control field: 170619|| aca||aabn | a|a d
040 ## - CATALOGING SOURCE
- Original cataloging agency: NUST
- Transcribing agency: NUST
150 ## - HEADING--TOPICAL TERM
- Topical term or geographic name entry element: COMPUTERS / Bioinformatics.
670 ## - SOURCE DATA FOUND
- Source citation: Work cat.: (NUST)0: Evolutionary computation in gene regulatory network research
